000 00951nam a22002657a 4500
001 05888
003 HDC
007 cr bn ---aaaaa
008 210122b20082008xxu||||| |||| 00| 0 eng d
020 _a9780849392184
040 _aHDC
100 _aBerdanier, Carolyn D.
_eauthor
_96199
245 0 _aHerbal Supplements
_c/ Carolyn D. Berdanier
260 _aUnited States:
_bTaylor & Francis,
_c2008
300 _a1 online resource (5 pages)
336 _atext
_2rdacontent
337 _acomputer
_2rdamedia
338 _aonline resource
_2rdacarrier
500 _aOriginally from: Handbook of nutrition and food, 2008 (pages 1241-1245)
_aIncludes bibliographical references
650 _aMedicine, Traditional
856 _zRequest full-text at [email protected]
942 _2lcc
942 _cCHAP
942 _kEBCH 004199
999 _c3212
_d3212